| 000 | 00827nam0a2200253 4500 | ||
|---|---|---|---|
| 001 | RU\NLR\bibl\469159 | ||
| 005 | 20250623185845.0 | ||
| 010 |
_a5-94692-273-4 _915000 |
||
| 021 |
_aRU _b2003-54811 _92662 |
||
| 035 | _a(NLR Aleph) 000462442 | ||
| 090 |
_a942489 _c942489 |
||
| 100 | _a20030826d2003 |||y0rusy50 ca | ||
| 101 | 0 |
_arus _ager |
|
| 102 | _aRU | ||
| 105 | _ay ||||||||| | ||
| 200 | 1 |
_aГотовые домашние задания по немецкому языку _eК учеб. И. Л. Бим и др. "Шаги-2" (М.,"Просвещение", 2001) _e6 класс |
|
| 210 |
_aМ. _cЭкзамен _d2003 |
||
| 215 | _d17 | ||
| 225 | 1 | _aРешебник-шпаргалка | |
| 700 | 1 |
_aЯрова _bР. Х. _4070 |
|
| 801 | 0 |
_aRU _bNLR _c20031205 _gPSBO |
|
| 801 | 1 |
_aRU _bNLR _c20031205 |
|
| 942 | _cBOOK | ||
| 980 | _aNB | ||